000 01655nam a2200361 i 4500
001 000045395
003 DO-SdBNP
005 20240405182606.0
007 ta
008 150306s2014 dr a 000 0bspa d
020 _a9789945166569
040 _aDO-SdBNP
_bspa
_cBNPHU
_erda
082 4 _a923.17293
_bB928B
_222
100 1 _aBáez Guerrero, José,
_d1958-
_917125
245 1 0 _aBuenaventura Báez /
_cJosé Báez Guerrero ; edición Sotolongo Armstrong.
264 _aSanto Domingo :
_bArte Tuto, Inc.,
_c2014.
300 _a792 páginas :
_bilustraciones ;
_c23 cm.
336 _2rdacontent
_atexto
_btxt
337 _2rdamedia
_asin mediación
_bn
338 _2rdacarrier
_avolumen
_bnc
500 _aIncluye datos biográficos del autor en la solapa de la contracubierta.
500 _aIncluye referencias bibliográficas y notas al pie de las páginas.
504 _aBibliografía : p. 771-792
505 0 _aPrólogo.
_tAscendientes y orígenes.--
_tDiputado, Constituyente y diplomático.--
_tPrimer gobierno.--
_tSegundo Gobierno.--
_tTríada de la Mala Prensa.--
_tRetratos de Báez.--
_tTercer Gobierno.--
_tEl peor "Vende Patria".--
_tGrant. Sumner ET AL.--
_tCuarto Gobierno.--
_tQuinto Gobierno.--
_tBibliografía.
590 _aInventariado, 2019/MFF
600 1 4 _aBaéz, Buenaventura
_d1812-1884.
_973434
650 4 _aPresidentes
_zRepública Dominicana
_xBiografías
_91790
650 4 _aCaudillos
_zRepública Dominicana
_vBiografías
_944941
651 4 _aRepública Dominicana
_xPolítica y gobierno
_y1844-1930
_96961
700 1 _aArmstrong, Sotolongo,
_eeditor
_973435
910 _aValidado. Control de calidad MFF
942 _2ddc
_cLBS1
999 _c44884
_d44884